000 004130000a22001690004500
999 _c47869
_d47869
001 665
003 CO-MdFUSB
005 20181001170511.0
008 181001b xxu||||| |||| 00| 0 eng d
040 _cCO-MdBIC
082 0 4 _a813C K93h
245 1 0 _aHoney,1 shrunk the kids, adaptación : Nancy E. Krulik
260 _aNew York : Scholastic
300 _a32 p.
650 1 4 _aLiteratura Infantil
942 _cLGB